Centroamérica presente en reunión del Sistema Económico Latinoamericano
El Sistema Económico Latinoamericano -SELA-, celebró en Venezuela su XIV reunión a nivel ministerial, precedida por el Ministro de Relaciones Exteriores de El Salvador, Dr. Ricardo Acevedo Peralta, lo cual significó un honor y una muestra concreta de solidadridad hacia los esfuerzos integracionistas...
Salvato in:
| Natura: | testo |
|---|---|
| Soggetti: | |
| Tags: |
Aggiungi Tag
Nessun Tag, puoi essere il primo ad aggiungerne!!
|
MARC
| LEADER | 00000 a a2200000 04500 | ||
|---|---|---|---|
| 001 | 2584 | ||
| 003 | |||
| 040 | |||
| 245 | |a Centroamérica presente en reunión del Sistema Económico Latinoamericano | ||
| 520 | |a El Sistema Económico Latinoamericano -SELA-, celebró en Venezuela su XIV reunión a nivel ministerial, precedida por el Ministro de Relaciones Exteriores de El Salvador, Dr. Ricardo Acevedo Peralta, lo cual significó un honor y una muestra concreta de solidadridad hacia los esfuerzos integracionistas de la región. OB/EL | ||
| 650 | |a SELA | ||
| 650 | |a SISTEMAS ECONOMICOS | ||
| 650 | |a RELACIONES ECONOMICAS INTERNACIONALES | ||
| 650 | |a SIECA | ||
| 650 | |a POLITICA ECONOMICA | ||
| 650 | |a INTEGRACION REGIONAL | ||
| 773 | |g número 324; páginas 2-3 | ||
| 999 | |c 30363 |d 30363 | ||
